000 00590nam a2200217Ia 4500
005 20240809102051.0
008 131103s9999 xx 000 0 und d
020 _a81 85461 57 0
_cRs.60.00
040 _aLoreto College
041 _aEnglish
082 _a822.33
_bREE
100 _aReese, M. M.
245 _aShakespeare
_b his world and his work
_cM. M. Reese
260 _aNew Delhi
_bUniversal Book
_c1991
300 _a422p.
504 _aIncludes appendix & index
650 _aShakespeare, Willium - Collection
651 _aEnglish drama
850 _aLCBED
942 _cBK
999 _c29900
_d80379